000 00449nam a2200157 i 4500
001 bg
245 0 0 _aTeoria i konstrukcja maszyn rolniczych.
_nT. 2.
_nCz. 2,
_pMaszyny do zbioru ziemniaków i buraków cukrowych /
_cTadeusz Karwowski
250 _aWyd. 2.
260 _aWarszawa,
_c1982.
650 9 _aMaszyny rolnicze
700 1 _aKUROWSKI, Tadeusz.
040 _cBPK
041 _apol
942 _cKS
008 s pl f |000 0 pol
999 _c3031
_d3031
856 _uhttp://koha.tu.koszalin.pl/cgi-bin/koha/opac-detail.pl?biblionumber=3031
_yKatalog online BPK